| 000 | 007010000a22002530004500 | ||
|---|---|---|---|
| 003 | LK-CoMWRAF | ||
| 005 | 20231010120105.0 | ||
| 008 | 230817t ||||| |||| 00| 0 eng d | ||
| 020 | _a9839900862 | ||
| 040 |
_aLK-CoMWRAF _dLK-CoMWRAF _eLK-CoMWRAF |
||
| 041 | _aeng | ||
| 082 |
_a297.577 _bNAJ |
||
| 100 | _aAnwar, Zainah | ||
| 100 | _aShuib, Rashidah | ||
| 245 | _aIslam and Family Planning | ||
| 260 |
_bSisters in Islam _aMalaysia _c2003 |
||
| 300 | _ap.18 | ||
| 490 | _aSisters in Islam | ||
| 650 | _aBirth Control - Religious Aspects-Islam | ||
| 650 | _aFamily Size - Religious Aspects -Islam | ||
| 650 | _aQuestions and Answers | ||
| 700 |
_aKhan,, Shayan Afzal _eed. |
||
| 942 | _cBK | ||
| 999 |
_c1750 _d1750 |
||